La consommation et ses sociologies (notice n° 1925100)

détails MARC
000 -LEADER
fixed length control field 01447cam a2200133 4500500
005 - DATE AND TIME OF LATEST TRANSACTION
control field 20260329023141.0
041 ## - LANGUAGE CODE
Language code of text/sound track or separate title fre
042 ## - AUTHENTICATION CODE
Authentication code dc
100 10 - MAIN ENTRY--PERSONAL NAME
Personal name Heilbrunn, Benoît
Relator term author
245 00 - TITLE STATEMENT
Title La consommation et ses sociologies
260 ## - PUBLICATION, DISTRIBUTION, ETC.
Name of publisher, distributor, etc. Armand Colin,<br/>
Date of publication, distribution, etc. 2020.<br/>
520 ## - SUMMARY, ETC.
Summary, etc. À un degré inédit dans l’histoire des sociétés, la consommation s’est aujourd’hui découplée de la stricte réponse aux besoins naturels ; elle s’offre désormais comme un « territoire » aux frontières sans cesse étendues au sein duquel groupes et individus manipulent sens et valeurs et mobilisent une part croissante de leurs ressources (en temps, effort et énergie psychique). La consommation implique la domination de croyances et de pratiques transmises à travers des systèmes d’échange et d’influence et fonctionnant via des processus adaptés de construction et de manifestation de l’identité individuelle. Ce livre éclaire cette question majeure pour la compréhension de nos sociétés. Il met en lumière les différentes facettes des pratiques de consommation en synthétisant l’apport des approches sociologiques, anthropologiques et sémiotiques, et donne à réfléchir en cernant avec précision les enjeux liés à l’extension de la consommation à l’ensemble de la vie sociale.
856 41 - ELECTRONIC LOCATION AND ACCESS
Uniform Resource Identifier <a href="https://shs.cairn.info/la-consommation-et-ses-sociologies--9782200628291?lang=fr&redirect-ssocas=7080">https://shs.cairn.info/la-consommation-et-ses-sociologies--9782200628291?lang=fr&redirect-ssocas=7080</a>

Pas d'exemplaire disponible.

PLUDOC

PLUDOC est la plateforme unique et centralisée de gestion des bibliothèques physiques et numériques de Guinée administré par le CEDUST. Elle est la plus grande base de données de ressources documentaires pour les Étudiants, Enseignants chercheurs et Chercheurs de Guinée.

Adresse

627 919 101/664 919 101

25 boulevard du commerce
Kaloum, Conakry, Guinée

Réseaux sociaux

Powered by Netsen Group @ 2025